Daňové tajomstvo po novom od 1.1.2018

Právna úprava daňového tajomstva. Etapy vývoja inštitútu daňového tajomstva po súčasnosť. Definícia inštitútu daňové tajomstvo pri správe daní. Ilustračné príklady.

Na minha lista:
Detalhes bibliográficos
Autor principal: Klabníková, Klára
Formato: Capítulo de Livro
Idioma:eslovaco
Assuntos:
Tags: Adicionar Tag
Sem tags, seja o primeiro a adicionar uma tag!

MARC

LEADER 00000naa a2200000 4500
001 0248684
005 20181108070732.3
041 0 |a slo 
044 |a SK 
245 1 0 |a Daňové tajomstvo po novom od 1.1.2018  |c Klára Klabníková 
520 |a Právna úprava daňového tajomstva. Etapy vývoja inštitútu daňového tajomstva po súčasnosť. Definícia inštitútu daňové tajomstvo pri správe daní. Ilustračné príklady. 
610 2 0 |a tajomstvo daňové 
610 2 0 |a správa daňová 
610 2 0 |a história 
610 2 0 |a Slovensko 
610 2 0 |a legislatíva 
100 1 |a Klabníková, Klára